000 00445nam a2200145 i 4500
001 72617
003 ES-MaACL
007 t|
008 040902s1953 sp ||||1| spa d
100 1 _aGodoy, Agustín.
_957534
245 1 0 _aNuevas revelaciones sobre el cuerpo humano y la voz /
_cAgustín Godoy.
260 _a[S.l. :
_bs.n.,
_c1953] (
_eBilbao :
_fLa editorial vizcaína)
300 _a314 p. ;
_c21 cm.
852 _aES-MaACL
_jC-5867
_bR.35301
999 _c72617
_d72617